01037cam a22002531 4500001001300000003000400013005001700017008004100034010001700075025001900092040001800111043001200129050003000141082000800171100005300179245031100232250001300543260001900556300002700575350001000602650005100612650004400663710007600707sa 68011167 DLC20260227112558.0710915s1968 pk k 000 0 eng  asa 68011167  aPL480:P-E-1485 aDLCcDLCdDLC aa-pk---00aKPL2578.A311922bL38 196800a3401 aLatif Amritsari, M. A.q(Muhammad Abdul),d1912-10aTown improvement: law and procedure;bbeing a comprehensive commentary, with up-to-date amendments and caselaw on The Town improvement act, ...cwith complete rules, specimen forms ... important policy letters and allied subjects, by Ch. Muhammad Abdul Latif. With a foreword by Sardar Muhammad Iqbal Khan. a[1st ed. aMultan,c1968] a433 p.bforms.c25 cm. a25.00 0aCity planning and redevelopment lawzPakistan. 0aHousingxLaw and legislationzPakistan.12aWest Pakistan.kLaws, statutes, etc.tTown improvement act, 1922. 1968.